00428nam a2200109 4500008004100000022001300041245007900054260011900133300001300252650002600265650002700291240219b |||||||| |||| 00| 0 eng d a07426763 aThe American journal of Islamic social sciences-Vol. 18, no. 4 (Fall 2001) aHerndon, (USA) : bThe Association of Muslim social scientists : International institute of Islamic thought,c2001 b1-205 p. aIslam -- Periodicals  aMuslims -- Periodicals